000 00445nam a2200181Ia 4500
005 20250603145844.0
008 250603s9999 xx 000 0 und d
020 _a7981439814208
050 _aTN 281 .D75/
245 4 _aThe drilling manual
250 _a5th ed.
260 _aNew York
260 _bADITC Australian drilling industry traning committee limited
260 _c2015
300 _a780 p
650 _aNew York
942 _cBK
999 _c43060
_d43060